The five love languages : (Record no. 6911)
[ view plain ]
| 000 -LEADER | |
|---|---|
| fixed length control field | 01842cam a2200337 a 4500 |
| 001 - CONTROL NUMBER | |
| control field | 32912052 |
| 003 - CONTROL NUMBER IDENTIFIER | |
| control field | OCoLC |
| 005 - DATE AND TIME OF LATEST TRANSACTION | |
| control field | 20190121171732.0 |
| 008 - FIXED-LENGTH DATA ELEMENTS--GENERAL INFORMATION | |
| fixed length control field | 951030s1995 ilu 000 0 eng |
| 010 ## - LIBRARY OF CONGRESS CONTROL NUMBER | |
| LC control number | 95219572 |
| 020 ## - INTERNATIONAL STANDARD BOOK NUMBER | |
| International Standard Book Number | 1881273156 |
| 020 ## - INTERNATIONAL STANDARD BOOK NUMBER | |
| International Standard Book Number | 9781881273158 |
| 020 ## - INTERNATIONAL STANDARD BOOK NUMBER | |
| International Standard Book Number | 1881273628 |
| 020 ## - INTERNATIONAL STANDARD BOOK NUMBER | |
| International Standard Book Number | 9781881273622 |
| 035 ## - SYSTEM CONTROL NUMBER | |
| System control number | (OCoLC)32912052 |
| Canceled/invalid control number | (OCoLC)36823305 |
| -- | (OCoLC)70288506 |
| 040 ## - CATALOGING SOURCE | |
| Original cataloging agency | DLC |
| Language of cataloging | eng |
| Transcribing agency | DLC |
| Modifying agency | UUC |
| -- | BAKER |
| -- | BTCTA |
| -- | YDXCP |
| -- | OCLCG |
| -- | LMR |
| -- | ZGD |
| -- | WY@ |
| -- | O3Y |
| -- | TXWRB |
| -- | CUL |
| 050 00 - LIBRARY OF CONGRESS CALL NUMBER | |
| Classification number | HQ734 |
| Item number | .C466 1995 |
| 082 ## - DEWEY DECIMAL CLASSIFICATION NUMBER | |
| Classification number | 646.78 |
| Item number | C466F |
| 092 ## - LOCALLY ASSIGNED DEWEY CALL NUMBER (OCLC) | |
| Classification number | 646.78 |
| Item number | C4664f 1995 |
| 100 1# - MAIN ENTRY--PERSONAL NAME | |
| Personal name | Chapman, Gary D., |
| Dates associated with a name | 1938- |
| 245 14 - TITLE STATEMENT | |
| Title | The five love languages : |
| Remainder of title | how to express heartfelt commitment to your mate / |
| Statement of responsibility, etc. | Gary Chapman |
| 250 ## - EDITION STATEMENT | |
| Edition statement | [New ed.] |
| 260 ## - PUBLICATION, DISTRIBUTION, ETC. | |
| Place of publication, distribution, etc. | Chicago : |
| Name of publisher, distributor, etc. | Northfield Pub., |
| Date of publication, distribution, etc. | c1995 |
| 300 ## - PHYSICAL DESCRIPTION | |
| Extent | 204 p. ; |
| Dimensions | 23 cm |
| 505 0# - FORMATTED CONTENTS NOTE | |
| Formatted contents note | What happens to love after the wedding? -- Keeping the love tank full -- Falling in love -- Love language #1: words of affirmation -- Love language #2: quality time -- Love language #3: receiving gifts -- Love language #4: acts of service -- Love language #5: physical touch -- Discovering your primary love language -- Love is a choice -- Love makes the difference -- Loving the unlovely -- Children and love languages -- A personal word -- The five love languages profile for husbands -- The five love languages profile for wives |
| 520 ## - SUMMARY, ETC. | |
| Summary, etc. | People express and receive love in different Ways. Dr. Chapman identifies these as the five languages of love: Quality time, Words of affirmation, Gifts, Acts of service, and Physical touch. In this new edition, you will find a couple's guide to help you work as a team and learn to speak and understand the unique languages of love |
| 650 #0 - SUBJECT ADDED ENTRY--TOPICAL TERM | |
| Topical term or geographic name entry element | Marriage |
| 650 #0 - SUBJECT ADDED ENTRY--TOPICAL TERM | |
| Topical term or geographic name entry element | Communication in marriage |
| 650 #0 - SUBJECT ADDED ENTRY--TOPICAL TERM | |
| Topical term or geographic name entry element | Love |
| 942 ## - ADDED ENTRY ELEMENTS (KOHA) | |
| Source of classification or shelving scheme | Dewey Decimal Classification |
| Koha item type | Books |
| Withdrawn status | Lost status | Source of classification or shelving scheme | Damaged status | Not for loan | Collection code | Home library | Current library | Shelving location | Date acquired | Cost, normal purchase price | Total Checkouts | Full call number | Barcode | Date last seen | Price effective from | Koha item type |
|---|---|---|---|---|---|---|---|---|---|---|---|---|---|---|---|---|
| Dewey Decimal Classification | Non-fiction | Harvest Mission College | Harvest Mission College | General Stacks | 21.01.2019 | 1350.00 | 646.78 C466F | 007786 | 21.01.2019 | 21.01.2019 | Books |
